000
00254nam a2200097Ia 4500
001
650487
005
20250826154400.0
008
250824s9999 xx 000 0 und d
245
0
_a
Fosil Bey’in Dinozor Dersleri
_c
Valerie Wilding
260
_b
BEYAZ BALİNA
999
_c
650487
_d
650487